[Event "Chigorin Memorial 2014"]
[Site "St Petersburg RUS"]
[Date "2014.10.18"]
[Round "1.94"]
[White "Mikhailov, Viacheslav"]
[Black "Bajaramov, Elvin"]
[Result "1-0"]
[WhiteTitle "FM"]
[WhiteElo "2357"]
[BlackElo "1950"]
[WhiteFideId "4187369"]
[BlackFideId "24142514"]
[EventDate "2014.10.18"]

1. d4 d5 2. Nf3 Nf6 3. Bg5 Ne4 4. Bf4 Bf5 5. e3 e6 6. Bd3 Nc6 7. O-O g5 8. Bg3
h5 9. h4 Bg4 10. Be2 Bxf3 11. Bxf3 gxh4 12. Bf4 Bd6 13. Bxd6 Qxd6 14. Nc3 f5 15.
Ne2 e5 16. c4 O-O-O 17. cxd5 Qxd5 18. Nc3 Qe6 19. Bxe4 fxe4 20. d5 Qg6 21. Qa4
Nd4 22. exd4 Rhg8 23. g3 hxg3 24. f4 g2 25. Rf2 Qg3 26. Qc2 Qh3 27. Rxg2 exf4
28. Nb5 Kb8 29. Rf1 Rdf8 30. Qxc7+ Ka8 31. Rg7 Qe3+ 32. Kh1 Qh3+ 33. Kg1 Qe3+
34. Rf2 Qe1+ 35. Rf1 Qe3+ 36. Rf2 Rxg7+ 37. Qxg7 Rc8 38. Nc7+ Kb8 39. d6 Qe1+
40. Rf1 Qe3+ 41. Kh2 Qe2+ 42. Qg2 Qxg2+ 43. Kxg2 f3+ 44. Kf2 Rd8 45. Nb5 a6 46.
Nc3 Rxd6 47. Ke3 h4 48. Nxe4 Rh6 49. Kxf3 h3 50. Rh1 h2 51. Nf2 Rh4 52. Ng4 Rh3+
53. Ke4 Rg3 54. Nxh2 Rh3 55. d5 Rh4+ 56. Ke3 Rh5 57. d6 Rh3+ 58. Ke4 Rh4+ 59.
Kf3 Rh3+ 60. Kf4 Rh4+ 61. Kg3 Rd4 62. Nf3 Rxd6 63. Kf4 b5 64. Rh7 Rc6 65. Nd4
Rc5 66. Ke4 b4 67. Rf7 Ka8 68. Rf5 Rc8 69. Kd5 Kb7 70. Rf7+ Kb6 71. Rf6+ Ka5 72.
Rc6 Rh8 73. Kc4 Rh4 74. a3 b3 75. Rg6 Rf4 76. Kc3 Rh4 77. Nxb3+ Kb5 78. Nd4+ Kc5
79. b4+ Kd5 80. Rg5+ Ke4 81. Nb3 Rh6 82. Ra5 Ke3 83. Nc5 Rh1 84. Rxa6 Rc1+ 85.
Kb3 1-0

[Event "Chigorin Memorial 2014"]
[Site "St Petersburg RUS"]
[Date "2014.10.18"]
[Round "1.95"]
[White "Voronenkov, Sergey"]
[Black "Akhmetov, Ayan"]
[Result "0-1"]
[BlackTitle "IM"]
[WhiteElo "1950"]
[BlackElo "2350"]
[WhiteFideId "24129674"]
[BlackFideId "13703706"]
[EventDate "2014.10.18"]

1. e4 c5 2. Nf3 e6 3. d4 cxd4 4. Nxd4 Nf6 5. Nc3 d6 6. f4 Be7 7. Qf3 Nc6 8. Be3
O-O 9. O-O-O Bd7 10. g4 Nxd4 11. Rxd4 Nxg4 12. Rg1 Nxe3 13. Qxe3 Qb6 14. e5 g6
15. Ne4 d5 16. Nf6+ Bxf6 17. exf6 Rac8 18. h4 Qd8 19. Qe5 Qc7 20. Bd3 Qxe5 21.
fxe5 a6 22. h5 Bb5 23. hxg6 fxg6 24. Bxg6 hxg6 25. Rxg6+ Kf7 26. Rg7+ Ke8 27.
Re7+ Kd8 28. Rxe6 Bc6 29. c4 Rf7 30. Kd2 Rd7 31. cxd5 Bxd5 32. Re7 Rcc7 33. Ke3
Bxa2 34. e6 Rxd4 35. Rxc7 Kxc7 36. e7 Rd8 37. exd8=Q+ Kxd8 38. Kd4 b6 39. Kc3
Bf7 40. Kd4 Kc7 41. Kc3 Kd6 42. Kd4 Ke6 43. Ke4 Kxf6 44. Kf4 Ke6 45. Ke4 Kd6 46.
Kd4 Kc6 47. Kc3 Kb5 48. Kc2 Kb4 49. Kb1 Kb3 50. Ka1 Kc2 0-1

[Event "Chigorin Memorial 2014"]
[Site "St Petersburg RUS"]
[Date "2014.10.18"]
[Round "1.96"]
[White "Kukhmazov, Arsen"]
[Black "Dushin, Nikolay"]
[Result "1-0"]
[WhiteTitle "FM"]
[WhiteElo "2351"]
[BlackElo "1947"]
[WhiteFideId "24108260"]
[BlackFideId "4114612"]
[EventDate "2014.10.18"]

1. d4 e6 2. c4 Bb4+ 3. Bd2 a5 4. Nc3 Nf6 5. e4 Bxc3 6. Bxc3 Nxe4 7. Qg4 Nxc3 8.
Qxg7 Rf8 9. bxc3 c5 10. Nf3 Qb6 11. Bd3 Qb2 12. O-O Qxc3 13. Rfd1 Nc6 14. Rac1
Qb2 15. Rc2 Qa3 16. Ng5 cxd4 17. c5 f5 18. Be2 1-0

[Event "Chigorin Memorial 2014"]
[Site "St Petersburg RUS"]
[Date "2014.10.18"]
[Round "1.97"]
[White "Filyanin, Daniil"]
[Black "Kozlitin, Oleg"]
[Result "1-0"]
[BlackTitle "IM"]
[WhiteElo "1947"]
[BlackElo "2348"]
[WhiteFideId "24177300"]
[BlackFideId "4143590"]
[EventDate "2014.10.18"]

1. e4 c5 2. Nf3 d6 3. d4 cxd4 4. Qxd4 Nc6 5. Bb5 Bd7 6. Bxc6 Bxc6 7. Nc3 h6 8.
Bd2 e5 9. Qd3 Nf6 10. O-O-O Be7 11. Nh4 Ng4 12. Nf5 Nxf2 13. Nxg7+ Kd7 14. Qf3
Nxh1 15. Qf5+ Kc7 16. Qxf7 Kb8 17. Rxh1 Qf8 18. Rf1 b5 19. Ne6 Qxf7 20. Rxf7 Bd8
21. Nxd8 Rxd8 22. Bxh6 Rd7 23. Rf6 Kc7 24. g4 Rg8 25. g5 Rh8 26. Kd2 b4 27. Nd5+
Bxd5 28. exd5 Kb6 29. Kd3 Kc5 30. Ke4 a5 31. b3 a4 32. h4 a3 33. h5 Rdh7 34. Rf2
Rc8 35. Rf6 Kb5 36. Rxd6 Rxc2 37. g6 Rxh6 38. g7 Rxd6 39. g8=Q Re2+ 40. Kd3 Rxa2
41. Qe8+ Kc5 42. Qc8+ Kb6 43. Qb8+ Kc5 44. Qc7+ 1-0

[Event "Chigorin Memorial 2014"]
[Site "St Petersburg RUS"]
[Date "2014.10.18"]
[Round "1.98"]
[White "Zhurikhin, Alexander"]
[Black "Fedoseeva, Valentina"]
[Result "1-0"]
[WhiteTitle "FM"]
[WhiteElo "2347"]
[BlackElo "1946"]
[WhiteFideId "4139569"]
[BlackFideId "4169875"]
[EventDate "2014.10.18"]

1. Nf3 Nf6 2. c4 e6 3. g3 d5 4. Bg2 Be7 5. O-O O-O 6. d4 Nbd7 7. Nc3 c6 8. Qd3
Ne8 9. e4 dxe4 10. Qxe4 g6 11. Bh6 Ng7 12. Rad1 Re8 13. Rfe1 Bf6 14. h4 Nb6 15.
b3 Qe7 16. Qf4 Nh5 17. Qc1 Bh8 18. Ne4 Nd7 19. d5 cxd5 20. cxd5 Ndf6 21. d6 Qd8
22. Bg5 h6 23. Bxf6 Nxf6 24. Nxf6+ Bxf6 25. Qxh6 Bg7 26. Qd2 Bd7 27. Ne5 Rb8 28.
h5 gxh5 29. Qe2 Bxe5 30. Qxe5 f5 31. Rd4 Kf7 32. Bf3 Rh8 33. Rc4 Rc8 34. Rc7
Rxc7 35. dxc7 Qf6 36. Bxb7 Qxe5 37. Rxe5 Bc8 38. Bf3 Kf6 39. Ra5 a6 40. b4 Rh7
41. Rc5 Ke7 42. a4 Kd6 43. Rc6+ Kd7 44. b5 axb5 45. axb5 Rh8 46. Rc1 e5 47. Ba8
Rh6 48. Rc5 Rg6 49. Kf1 Rb6 50. Bc6+ Kxc7 51. Rxe5 Kd6 52. f4 Be6 53. Kg2 Rb8
54. Kh3 Rg8 55. Bf3 Rg7 56. b6 Rg8 57. Ra5 1-0

[Event "Chigorin Memorial 2014"]
[Site "St Petersburg RUS"]
[Date "2014.10.18"]
[Round "1.99"]
[White "Azimov, Ilyas"]
[Black "Golubov, Saveliy"]
[Result "0-1"]
[WhiteElo "1938"]
[BlackElo "2347"]
[WhiteFideId "24175226"]
[BlackFideId "24176729"]
[EventDate "2014.10.18"]

1. e4 c5 2. Nf3 e6 3. d3 Nc6 4. Be2 Nf6 5. O-O Qc7 6. Nc3 a6 7. a4 Be7 8. Bg5
O-O 9. h3 h6 10. Bh4 d6 11. Re1 Bd7 12. Bf1 Rab8 13. d4 cxd4 14. Nxd4 Ne5 15.
Bg3 Rfd8 16. Nf3 Bc6 17. Bd3 Rbc8 18. Qe2 Nxf3+ 19. Qxf3 Qb6 20. b3 Nd7 21. Nd5
Bxd5 22. exd5 e5 23. Bf5 g6 24. Bxd7 Rxd7 25. Qd3 f5 26. c4 Qb4 27. Kh1 Bf6 28.
Rab1 Rdc7 29. f3 b5 30. axb5 axb5 31. Rec1 Qa5 32. Qe2 Bg5 33. Rc2 bxc4 34. bxc4
Qa6 35. Rb5 Qxb5 36. cxb5 Rxc2 0-1

[Event "Chigorin Memorial 2014"]
[Site "St Petersburg RUS"]
[Date "2014.10.18"]
[Round "1.100"]
[White "Baghdasaryan, Vahe"]
[Black "Hefner, Felix"]
[Result "1-0"]
[WhiteTitle "IM"]
[WhiteElo "2343"]
[BlackElo "1938"]
[WhiteFideId "13303139"]
[BlackFideId "12910651"]
[EventDate "2014.10.18"]

1. e4 e6 2. d4 d5 3. Nc3 Nf6 4. Bg5 Bb4 5. e5 h6 6. Bc1 Ne4 7. Qg4 Nxc3 8. Qxg7
Ne4+ 9. c3 Rf8 10. cxb4 Qh4 11. g3 Nxg3 12. Qxg3 Qxd4 13. Ne2 Qxb4+ 14. Qc3 Qe4
15. Rg1 Nc6 16. Bxh6 d4 17. Qc5 Rh8 18. Bg2 b6 19. Bxe4 bxc5 20. Bxc6+ Bd7 21.
Bxa8 Rxh6 1-0

[Event "Chigorin Memorial 2014"]
[Site "St Petersburg RUS"]
[Date "2014.10.18"]
[Round "1.101"]
[White "Ngnegevo, Filipp"]
[Black "Demianjuk, Alexander"]
[Result "0-1"]
[WhiteElo "1936"]
[BlackElo "2342"]
[WhiteFideId "34112852"]
[BlackFideId "4134249"]
[EventDate "2014.10.18"]

1. e4 c5 2. Nf3 d6 3. d4 cxd4 4. Nxd4 Nf6 5. Nc3 a6 6. h3 e5 7. Nde2 b5 8. Bg5
Bb7 9. Bxf6 Qxf6 10. Nd5 Qd8 11. Nec3 Nc6 12. g3 Be7 13. Bg2 O-O 14. O-O Rc8 15.
Ne2 Na5 16. c3 Nc4 17. b3 Nb6 18. Ne3 g6 19. h4 Qc7 20. Qd2 Qc5 21. Rad1 Rfd8
22. h5 Bg5 23. f4 exf4 24. gxf4 Bf6 25. hxg6 hxg6 26. Rc1 Re8 27. Qd3 Nd5 28. e5
Nxe3 29. Bxb7 Nxf1+ 30. Kxf1 dxe5 31. Bxc8 Qxc8 32. c4 exf4 33. cxb5 Qg4 34. Rc4
Rd8 35. Rxf4 Qxf4+ 36. Nxf4 Rxd3 37. Nxd3 axb5 38. a4 bxa4 39. bxa4 Bc3 40. Nf4
Kf8 41. Ke2 Ba5 42. Kf3 Ke7 43. Kg4 Bd2 44. Nd3 Kd6 45. Kf3 f5 46. Ke2 Ba5 47.
Kf3 g5 48. Nc1 Kd5 49. Nd3 Kd4 50. Nc1 Kc4 51. Ne2 Kd5 52. Nc1 Bc7 53. Nd3 Kd4
54. Nc1 g4+ 55. Kf2 Ke4 56. Ne2 f4 57. Nc3+ Ke5 58. Nd1 Bb6+ 59. Kg2 Bd4 60. a5
Kf5 0-1

[Event "Chigorin Memorial 2014"]
[Site "St Petersburg RUS"]
[Date "2014.10.18"]
[Round "1.102"]
[White "Yandarbiev, Ruslan"]
[Black "Makarevich, Julia"]
[Result "1-0"]
[WhiteTitle "IM"]
[WhiteElo "2339"]
[BlackElo "1934"]
[WhiteFideId "4115023"]
[BlackFideId "24115096"]
[EventDate "2014.10.18"]

1. d4 Nf6 2. Nf3 g6 3. Nc3 Bg7 4. e4 d6 5. Bc4 O-O 6. Qe2 Nc6 7. e5 Ne8 8. Bf4
Na5 9. Bd3 c5 10. dxc5 dxc5 11. O-O-O Qb6 12. Nd5 Qe6 13. Bb5 f6 14. Rhe1 Nc6
15. Nc7 Qf5 16. Qc4+ Kh8 17. Nxa8 fxe5 18. Bxc6 bxc6 19. Bxe5 Bb7 20. Rd8 Nd6
21. Bxg7+ Kxg7 22. Rxe7+ Rf7 23. Qc3+ Kh6 24. Qe3+ 1-0

[Event "Chigorin Memorial 2014"]
[Site "St Petersburg RUS"]
[Date "2014.10.18"]
[Round "1.103"]
[White "Skvortsov, Sergey"]
[Black "Bublei, Pavel"]
[Result "0-1"]
[BlackTitle "FM"]
[WhiteElo "1934"]
[BlackElo "2339"]
[WhiteFideId "24188689"]
[BlackFideId "24112593"]
[EventDate "2014.10.18"]

1. e4 c6 2. d4 d5 3. e5 c5 4. dxc5 e6 5. Qg4 Ne7 6. Bg5 Nbc6 7. Bb5 Bd7 8. Bxc6
Bxc6 9. Nd2 h5 10. Qf4 Ng6 11. Bxd8 Nxf4 12. Bg5 Ng6 13. Ngf3 Bxc5 14. O-O O-O
15. c3 f6 16. exf6 gxf6 17. Bh6 Rf7 18. Nb3 Bb6 19. Nbd4 Bd7 20. Rad1 Kh7 21.
Be3 Rg8 22. Rfe1 e5 23. Nc2 Bg4 24. Bxb6 axb6 25. Kf1 Nf4 26. Nh4 Bxd1 27. Rxd1
Rd7 28. g3 Ne6 29. Nf5 Rgd8 30. h3 Ng7 31. Nxg7 Kxg7 32. Ke2 Kg6 33. g4 hxg4 34.
hxg4 Kg5 35. Ne3 d4 36. cxd4 exd4 37. Nc4 Kxg4 38. Nxb6 d3+ 39. Kd2 Rc7 40. Na4
Rc2+ 41. Ke3 Re2# 0-1

[Event "Chigorin Memorial 2014"]
[Site "St Petersburg RUS"]
[Date "2014.10.18"]
[Round "1.104"]
[White "Kowsarinia, Amir"]
[Black "Kiseleva, Arina"]
[Result "1/2-1/2"]
[WhiteTitle "FM"]
[BlackTitle "WCM"]
[WhiteElo "2331"]
[BlackElo "1922"]
[WhiteFideId "12500089"]
[BlackFideId "4164989"]
[EventDate "2014.10.18"]

1. d4 Nf6 2. c4 e6 3. Nf3 d5 4. Bg5 Bb4+ 5. Nbd2 O-O 6. e3 b6 7. cxd5 exd5 8.
Rc1 Bd6 9. Qb3 Be6 10. Qc3 Nbd7 11. Ne5 c5 12. Nxd7 Bxd7 13. dxc5 bxc5 14. Bxf6
Qxf6 15. Qxf6 gxf6 16. b3 a5 17. Be2 f5 18. Bf3 Be6 19. Ke2 a4 20. Rc2 Ra6 21.
Rd1 Rfa8 22. Nb1 axb3 23. axb3 Ra2 24. Rdd2 Rxc2 25. Rxc2 Rb8 26. Nd2 Rb4 27.
Kd3 d4 28. exd4 Rxd4+ 29. Ke2 Rb4 30. Rc3 Bf4 31. Rxc5 Bxd2 32. Kxd2 Rxb3 33.
Bd1 Rb2+ 34. Ke3 Kg7 35. Bc2 Kf6 36. Kf3 Rb4 37. h3 Rc4 38. Rxc4 Bxc4 39. Kf4
Be6 40. h4 h6 41. f3 Bd7 42. g4 fxg4 43. fxg4 Be6 44. g5+ hxg5+ 45. hxg5+ Kg7
46. Ke5 Bc4 47. Kd6 f6 48. gxf6+ 1/2-1/2

[Event "Chigorin Memorial 2014"]
[Site "St Petersburg RUS"]
[Date "2014.10.18"]
[Round "1.105"]
[White "Potapova, Margarita"]
[Black "Biriukov, Oleg V."]
[Result "1/2-1/2"]
[BlackTitle "IM"]
[WhiteElo "1917"]
[BlackElo "2327"]
[WhiteFideId "14126869"]
[BlackFideId "4123174"]
[EventDate "2014.10.18"]

1. d4 Nf6 2. c4 e6 3. Nf3 b6 4. a3 Bb7 5. e3 d5 6. Bd3 Nbd7 7. O-O c5 8. Nc3 Bd6
9. b3 O-O 10. Bb2 Qe7 11. Qe2 Ne4 12. Nb5 Bb8 13. Nd2 Nxd2 14. Qxd2 a6 15. Nc3
Qd6 16. g3 cxd4 17. exd4 Nf6 18. Rad1 Ba7 19. Rfe1 Rfd8 20. Qg5 Qc6 21. cxd5
Nxd5 22. Be4 Qd7 23. Nb1 Rac8 24. Nd2 h6 25. Qh4 b5 26. Nf3 Nf6 27. Ne5 Qe7 28.
Bb1 Bd5 29. b4 Qb7 30. Rd2 Nh7 31. f4 f5 32. g4 Bh1 33. Ba2 Bd5 34. Bb1 Bh1 35.
Ba2 Bd5 36. Bb1 Bh1 1/2-1/2

[Event "Chigorin Memorial 2014"]
[Site "St Petersburg RUS"]
[Date "2014.10.18"]
[Round "1.106"]
[White "Ovod, Evgenija"]
[Black "Ivanov, Artem"]
[Result "1-0"]
[WhiteTitle "IM"]
[WhiteElo "2325"]
[BlackElo "1913"]
[WhiteFideId "4131827"]
[BlackFideId "34101990"]
[EventDate "2014.10.18"]

1. d4 Nf6 2. Bg5 d5 3. e3 g6 4. Bd3 Bg7 5. Nd2 O-O 6. f4 Nbd7 7. Ngf3 c5 8. c3
c4 9. Bc2 Qb6 10. Rb1 Qe6 11. Qe2 Ng4 12. f5 Qd6 13. e4 f6 14. Bh4 Nb6 15. Bg3
Qd8 16. fxg6 hxg6 17. exd5 Qxd5 18. Bxg6 Bf5 19. Bxf5 Qxf5 20. O-O Qd5 21. Nh4
Qd7 22. Nxc4 Nd5 23. Nf5 Nh6 24. Nce3 Nxe3 25. Nxe3 e6 26. Bf4 Nf7 27. Qh5 e5
28. dxe5 fxe5 29. Bg3 e4 30. Nf5 Rae8 31. Qg4 Ne5 32. Bxe5 Rxe5 33. Nh6+ 1-0

[Event "Chigorin Memorial 2014"]
[Site "St Petersburg RUS"]
[Date "2014.10.18"]
[Round "1.107"]
[White "Evsyukov, Aleksey"]
[Black "Timerkhanov, Alexander"]
[Result "0-1"]
[BlackTitle "FM"]
[WhiteElo "1908"]
[BlackElo "2324"]
[WhiteFideId "24159557"]
[BlackFideId "24177938"]
[EventDate "2014.10.18"]

1. e4 c5 2. Nf3 d6 3. d4 cxd4 4. Nxd4 Nf6 5. Nc3 a6 6. h3 e6 7. g4 d5 8. Bg2 Bb4
9. e5 Nfd7 10. O-O Nc6 11. Nxc6 bxc6 12. Na4 a5 13. c3 Be7 14. Re1 Ba6 15. Bf4
O-O 16. Qd2 Bb5 17. Qc2 Bh4 18. Rad1 Qb8 19. g5 f6 20. gxf6 gxf6 21. Bh6 Rf7 22.
Rd4 Bg5 23. Bxg5 fxg5 24. Rg4 Kh8 25. b3 Rf5 26. Qd2 h6 27. h4 Nxe5 28. Rg3 Qa7
29. hxg5 hxg5 30. Qd4 Qxd4 31. cxd4 Nd3 32. Rxe6 Nxf2 33. Re7 g4 34. Nc5 Rg8 35.
Ne6 Nh3+ 36. Bxh3 gxh3 37. Ng7 Rf1+ 38. Kh2 Rf2+ 39. Kxh3 Bf1+ 40. Kh4 Rh2+ 0-1

[Event "Chigorin Memorial 2014"]
[Site "St Petersburg RUS"]
[Date "2014.10.18"]
[Round "1.108"]
[White "Batyuk, Artem"]
[Black "Nasibullin, Iskander"]
[Result "1-0"]
[WhiteElo "2324"]
[BlackElo "1907"]
[WhiteFideId "34115088"]
[BlackFideId "34124273"]
[EventDate "2014.10.18"]

1. e4 d5 2. exd5 Qxd5 3. Nc3 Qd6 4. Nf3 Nf6 5. d4 g6 6. Be2 Bg7 7. O-O O-O 8. h3
Nc6 9. Be3 Bf5 10. Nb5 Qd7 11. c4 a6 12. Nc3 Ne8 13. d5 Nb4 14. Ne1 c6 15. g4
cxd5 16. cxd5 Bxc3 17. bxc3 Nxd5 18. gxf5 Nef6 19. Bd4 Qxf5 20. Bg4 Nxg4 21.
Qxg4 Qxg4+ 22. hxg4 Rac8 23. Rc1 Nf4 24. Rc2 f5 25. f3 Nh3+ 26. Kg2 Nf4+ 27. Kh2
Ne6 28. Rff2 Rc4 29. gxf5 Rxf5 30. Rfe2 Rh5+ 31. Kg1 Rg5+ 32. Kf1 Kf7 33. Rcd2
Rf5 34. Nd3 Nxd4 35. cxd4 Rc7 36. Kf2 h5 37. Rb2 Rd5 38. Nf4 Rf5 39. Ne6 Rd7 40.
Rxb7 Rxb7 41. Nd8+ Kf6 42. Nxb7 Rd5 43. Nc5 e6 44. Rxe6+ Kf5 45. Rxa6 g5 46. Ra5
Kf6 47. Nb3 Ke6 48. a4 h4 49. Rxd5 Kxd5 50. a5 h3 51. a6 Kc6 52. Nd2 Kb6 53. Kg3
Kxa6 54. Kxh3 Kb5 55. Kg4 1-0

[Event "Chigorin Memorial 2014"]
[Site "St Petersburg RUS"]
[Date "2014.10.18"]
[Round "1.109"]
[White "Shuvalov, Arvind"]
[Black "Tseitlin, Mark D"]
[Result "0-1"]
[BlackTitle "GM"]
[WhiteElo "1900"]
[BlackElo "2320"]
[WhiteFideId "24199079"]
[BlackFideId "2800128"]
[EventDate "2014.10.18"]

1. e4 c5 2. Nf3 d6 3. d4 cxd4 4. Nxd4 Nf6 5. Nc3 a6 6. Bg5 Nbd7 7. f4 Qc7 8. Qf3
b5 9. O-O-O Bb7 10. Kb1 e6 11. Bxf6 Nxf6 12. f5 e5 13. Nb3 Rc8 14. Rd2 Be7 15.
h4 h5 16. Bd3 Qb6 17. Qe2 O-O 18. Nd5 Bxd5 19. exd5 Rfe8 20. Qf2 Qxf2 21. Rxf2
Nxd5 22. Be4 Nf6 23. Bb7 Rb8 24. Bf3 d5 25. Rd1 e4 26. Be2 Bd6 27. c3 Bg3 28.
Rff1 Bxh4 29. Rh1 Bg3 30. Nd4 h4 31. a4 bxa4 32. Bxa6 Rb6 33. Be2 Reb8 34. Rd2
Bf2 35. Ka2 Be3 36. Rc2 Bxd4 37. cxd4 Rb4 38. Rxh4 Rxd4 39. g4 e3 40. Ka3 Rd2
41. Rxd2 exd2 42. g5 Ne4 43. Rh1 Rb3+ 0-1

[Event "Chigorin Memorial 2014"]
[Site "St Petersburg RUS"]
[Date "2014.10.18"]
[Round "1.110"]
[White "Abramov, Nikita"]
[Black "Nuritdinov, Nizomiddin"]
[Result "1-0"]
[WhiteElo "2318"]
[BlackElo "1898"]
[WhiteFideId "24198951"]
[BlackFideId "14203820"]
[EventDate "2014.10.18"]

1. e4 d6 2. d4 Nf6 3. Nc3 g6 4. g3 Bg7 5. Bg2 c6 6. a4 O-O 7. Nge2 Nbd7 8. O-O
a6 9. h3 e5 10. Be3 Qe7 11. Qd2 Re8 12. f4 exd4 13. Bxd4 Nc5 14. Bxc5 dxc5 15.
e5 Nd7 16. Ne4 b6 17. Rad1 Nf8 18. a5 Kh8 19. Qc3 Bf5 20. Nd6 Red8 21. axb6 Qd7
22. Qxc5 Bxh3 23. Bxh3 Qxh3 24. Nxf7+ Kg8 25. Nxd8 Qg4 26. Qc4+ 1-0

[Event "Chigorin Memorial 2014"]
[Site "St Petersburg RUS"]
[Date "2014.10.18"]
[Round "1.111"]
[White "Sakorenko, Adriana"]
[Black "Gorozhanin, Mikhail"]
[Result "0-1"]
[BlackTitle "FM"]
[WhiteElo "1893"]
[BlackElo "2317"]
[WhiteFideId "34130249"]
[BlackFideId "4178262"]
[EventDate "2014.10.18"]

1. e4 c6 2. d4 d5 3. exd5 cxd5 4. c4 Nf6 5. Nc3 g6 6. cxd5 Nxd5 7. Bc4 Nb6 8.
Bb3 Bg7 9. Nf3 O-O 10. h3 Nc6 11. Be3 Na5 12. O-O Nxb3 13. Qxb3 Be6 14. Qd1 Rc8
15. Rc1 Nd5 16. Qd2 Nxc3 17. bxc3 Qd5 18. Ng5 Bd7 19. f3 b6 20. Ne4 Rc4 21. Qf2
Ra4 22. Ra1 f5 23. Nd2 f4 0-1

[Event "Chigorin Memorial 2014"]
[Site "St Petersburg RUS"]
[Date "2014.10.18"]
[Round "1.112"]
[White "Musaev, Rasul"]
[Black "Zakharov, Nikita"]
[Result "1-0"]
[WhiteTitle "FM"]
[WhiteElo "2316"]
[BlackElo "1891"]
[WhiteFideId "24146870"]
[BlackFideId "34108340"]
[EventDate "2014.10.18"]

1. e4 c6 2. d4 d5 3. e5 c5 4. dxc5 Nc6 5. Bb5 e6 6. Be3 Qc7 7. Nf3 Ne7 8. c3 Bd7
9. Bxc6 Nxc6 10. Bd4 Be7 11. O-O O-O 12. Nbd2 a5 13. Re1 h6 14. Rc1 Rfc8 15. Nf1
Ra6 16. Ne3 Bf8 17. g4 Be7 18. Kh1 Qd8 19. Rg1 Bg5 20. Qf1 Na7 21. Nxg5 Qxg5 22.
f4 Qh4 23. Qf3 Bb5 24. Rg3 Qe7 25. Rcg1 Bd3 26. Nxd5 Qd7 27. Ne7+ Qxe7 28. Qxd3
Nc6 29. g5 hxg5 30. Rxg5 g6 31. Rxg6+ fxg6 32. Qxg6+ Kh8 33. Qh6+ 1-0

[Event "Chigorin Memorial 2014"]
[Site "St Petersburg RUS"]
[Date "2014.10.18"]
[Round "1.113"]
[White "Babanin, Gleb"]
[Black "Mishuchkov, Nikolai M."]
[Result "0-1"]
[BlackTitle "IM"]
[WhiteElo "1883"]
[BlackElo "2310"]
[WhiteFideId "34152536"]
[BlackFideId "4102401"]
[EventDate "2014.10.18"]

1. e4 c5 2. Nf3 e6 3. d4 cxd4 4. Nxd4 a6 5. Bd3 Bc5 6. Nb3 Be7 7. Qg4 g6 8. Qe2
d6 9. c4 Nd7 10. Nc3 b6 11. O-O Bb7 12. Bf4 Ngf6 13. Rac1 O-O 14. Rfd1 Qc7 15.
Nd2 Rfe8 16. Bb1 Rac8 17. a3 Nh5 18. Be3 Bf8 19. Ba2 Qb8 20. b4 Nhf6 21. f4 Bg7
22. g4 h6 23. g5 hxg5 24. fxg5 Nh5 25. Qf2 Ne5 26. Rf1 Rf8 27. Qe2 Ba8 28. Na4
Nd7 29. c5 bxc5 30. bxc5 Nxc5 31. Nxc5 dxc5 32. Qxa6 Bd4 33. Bxd4 cxd4 34. Rb1
Qe5 35. Rb5 Rc5 36. Nf3 Qxe4 37. Rxc5 Qg4+ 38. Kf2 Qxf3+ 39. Ke1 Qe3+ 40. Qe2
Qxa3 41. Re5 Nf4 42. Rxf4 Qc1+ 43. Qd1 Qxf4 44. Rc5 Qh4+ 45. Kd2 Qxh2+ 46. Qe2
Qf4+ 47. Kd3 Qg3+ 48. Kxd4 Rd8+ 49. Kc4 Bd5+ 50. Kb4 Rb8+ 51. Rb5 Qd6+ 0-1

[Event "Chigorin Memorial 2014"]
[Site "St Petersburg RUS"]
[Date "2014.10.18"]
[Round "1.114"]
[White "Rjabzev, Konstantin"]
[Black "Kiselev, Viktor"]
[Result "1-0"]
[WhiteTitle "IM"]
[WhiteElo "2310"]
[BlackElo "1876"]
[WhiteFideId "4150015"]
[BlackFideId "24119075"]
[EventDate "2014.10.18"]

1. e4 e5 2. Nf3 Nc6 3. Bc4 Be7 4. d4 Bf6 5. dxe5 Nxe5 6. Nxe5 Bxe5 7. Bxf7+ Kf8
8. Bb3 c6 9. O-O Qh4 10. f4 Bc7 11. Nd2 Qe7 12. e5 d5 13. exd6 Bxd6 14. Re1 Qc7
15. Ne4 Be7 16. Qh5 g6 17. Qe2 Bd7 18. Qc4 Be8 19. Ng5 Bxg5 20. fxg5 h5 21. Bf4
Qb6+ 22. Be3 Qc7 23. Qc3 Rh7 24. Bc5+ 1-0

[Event "Chigorin Memorial 2014"]
[Site "St Petersburg RUS"]
[Date "2014.10.18"]
[Round "1.115"]
[White "Stasenko, Alexey"]
[Black "Pisakov, Ilia"]
[Result "1-0"]
[BlackTitle "FM"]
[WhiteElo "1874"]
[BlackElo "2303"]
[WhiteFideId "24172006"]
[BlackFideId "4139020"]
[EventDate "2014.10.18"]

1. e4 e5 2. Nf3 Nc6 3. d4 exd4 4. Nxd4 Nf6 5. Nc3 Bb4 6. Nxc6 bxc6 7. Bd3 d5 8.
O-O O-O 9. Bg5 Bxc3 10. bxc3 dxe4 11. Bxf6 Qxf6 12. Bxe4 Bf5 13. Bxf5 Qxf5 14.
Qd3 Qxd3 15. cxd3 Rfd8 16. d4 c5 17. Rfd1 Rab8 18. dxc5 Kf8 19. Kf1 Rxd1+ 20.
Rxd1 Rb5 21. c6 Ra5 22. Rd8+ Ke7 23. Rd7+ Ke6 24. Rxc7 Rxa2 25. Rxf7 Ra6 26.
Rxg7 Rxc6 27. Rxh7 a6 28. Ke2 Kf5 29. Rf7+ Kg5 30. Kd3 Rd6+ 31. Ke4 Rg6 32. h3
Kh4 33. Rf4+ Kg5 34. g3 Rc6 35. Kd4 Rd6+ 36. Ke5 1-0

[Event "Chigorin Memorial 2014"]
[Site "St Petersburg RUS"]
[Date "2014.10.18"]
[Round "1.116"]
[White "Popov, Kirill"]
[Black "Tskhadadze, Anna"]
[Result "1-0"]
[WhiteElo "2303"]
[BlackElo "1860"]
[WhiteFideId "24157457"]
[BlackFideId "4165098"]
[EventDate "2014.10.18"]

1. e4 d5 2. exd5 Qxd5 3. Nc3 Qd6 4. d4 Nf6 5. Nf3 c6 6. g3 Bg4 7. Bg2 e6 8. O-O
Be7 9. Bf4 Qd8 10. h3 Bh5 11. g4 Bg6 12. Ne5 O-O 13. Bg3 Nbd7 14. f4 Nb6 15. h4
Nbd5 16. Nxd5 cxd5 17. f5 exf5 18. h5 f4 19. hxg6 fxg3 20. Nxf7 Qc8 21. g5 hxg6
22. gxf6 gxf6 23. Nh6+ Kg7 24. Ng4 f5 25. Ne5 Bg5 26. Qd3 Rh8 27. Qxg3 Rh5 28.
Rae1 Qxc2 29. Rc1 Qd2 30. Rc7+ Kf6 31. Ng4+ 1-0